<?xml version="1.0" encoding="UTF-8"?>
<collection xmlns="http://www.loc.gov/MARC21/slim">
 <record>
  <leader>09974cam a2201681   4500</leader>
  <controlfield tag="001">568501993</controlfield>
  <controlfield tag="003">DE-627</controlfield>
  <controlfield tag="005">20240918205917.0</controlfield>
  <controlfield tag="007">tu</controlfield>
  <controlfield tag="008">080605s2009    gw |||||      00| ||ger c</controlfield>
  <datafield tag="010" ind1=" " ind2=" ">
   <subfield code="a">  2009473807</subfield>
  </datafield>
  <datafield tag="015" ind1=" " ind2=" ">
   <subfield code="a">08,N24,2944</subfield>
   <subfield code="2">dnb</subfield>
  </datafield>
  <datafield tag="015" ind1=" " ind2=" ">
   <subfield code="a">08,N24,2944</subfield>
   <subfield code="2">dnb</subfield>
  </datafield>
  <datafield tag="016" ind1="7" ind2=" ">
   <subfield code="a">988818019</subfield>
   <subfield code="2">DE-101</subfield>
  </datafield>
  <datafield tag="020" ind1=" " ind2=" ">
   <subfield code="a">3867320454</subfield>
   <subfield code="9">3-86732-045-4</subfield>
  </datafield>
  <datafield tag="020" ind1=" " ind2=" ">
   <subfield code="a">9783867320450</subfield>
   <subfield code="c">Gb. : ca. EUR 40.00</subfield>
   <subfield code="9">978-3-86732-045-0</subfield>
  </datafield>
  <datafield tag="024" ind1="3" ind2=" ">
   <subfield code="a">9783867320450</subfield>
  </datafield>
  <datafield tag="035" ind1=" " ind2=" ">
   <subfield code="a">(DE-627)568501993</subfield>
  </datafield>
  <datafield tag="035" ind1=" " ind2=" ">
   <subfield code="a">(DE-576)303817593</subfield>
  </datafield>
  <datafield tag="035" ind1=" " ind2=" ">
   <subfield code="a">(DE-599)DNB988818019</subfield>
  </datafield>
  <datafield tag="035" ind1=" " ind2=" ">
   <subfield code="a">(OCoLC)435373092</subfield>
  </datafield>
  <datafield tag="035" ind1=" " ind2=" ">
   <subfield code="a">(OCoLC)492175675</subfield>
  </datafield>
  <datafield tag="040" ind1=" " ind2=" ">
   <subfield code="a">DE-627</subfield>
   <subfield code="b">ger</subfield>
   <subfield code="c">DE-627</subfield>
   <subfield code="e">rakwb</subfield>
  </datafield>
  <datafield tag="041" ind1=" " ind2=" ">
   <subfield code="a">ger</subfield>
  </datafield>
  <datafield tag="044" ind1=" " ind2=" ">
   <subfield code="c">XA-DE-BE</subfield>
  </datafield>
  <datafield tag="050" ind1=" " ind2="0">
   <subfield code="a">N6867.5.R6</subfield>
  </datafield>
  <datafield tag="082" ind1="0" ind2=" ">
   <subfield code="a">900</subfield>
   <subfield code="q">BSZ</subfield>
  </datafield>
  <datafield tag="082" ind1="0" ind2=" ">
   <subfield code="a">700.893107</subfield>
  </datafield>
  <datafield tag="082" ind1="0" ind2=" ">
   <subfield code="a">760.0449500</subfield>
  </datafield>
  <datafield tag="082" ind1="0" ind2=" ">
   <subfield code="a">759.3</subfield>
  </datafield>
  <datafield tag="082" ind1="0" ind2="4">
   <subfield code="a">700</subfield>
  </datafield>
  <datafield tag="082" ind1="0" ind2="4">
   <subfield code="a">900</subfield>
  </datafield>
  <datafield tag="084" ind1=" " ind2=" ">
   <subfield code="a">9,10</subfield>
   <subfield code="2">ssgn</subfield>
  </datafield>
  <datafield tag="084" ind1=" " ind2=" ">
   <subfield code="a">LO 92000</subfield>
   <subfield code="2">rvk</subfield>
   <subfield code="0">(DE-625)rvk/105679:</subfield>
  </datafield>
  <datafield tag="084" ind1=" " ind2=" ">
   <subfield code="a">LO 94000</subfield>
   <subfield code="2">rvk</subfield>
   <subfield code="0">(DE-625)rvk/105695:</subfield>
  </datafield>
  <datafield tag="084" ind1=" " ind2=" ">
   <subfield code="a">LO 96740</subfield>
   <subfield code="2">rvk</subfield>
   <subfield code="0">(DE-625)rvk/105763:</subfield>
  </datafield>
  <datafield tag="084" ind1=" " ind2=" ">
   <subfield code="a">LK 10300</subfield>
   <subfield code="2">rvk</subfield>
   <subfield code="0">(DE-625)rvk/97496:</subfield>
  </datafield>
  <datafield tag="084" ind1=" " ind2=" ">
   <subfield code="a">LK 10342</subfield>
   <subfield code="2">rvk</subfield>
   <subfield code="0">(DE-625)rvk/97499:12028</subfield>
  </datafield>
  <datafield tag="084" ind1=" " ind2=" ">
   <subfield code="a">NU 5089</subfield>
   <subfield code="2">rvk</subfield>
   <subfield code="0">(DE-625)rvk/131472:</subfield>
  </datafield>
  <datafield tag="084" ind1=" " ind2=" ">
   <subfield code="a">AK 16700</subfield>
   <subfield code="q">BVB</subfield>
   <subfield code="2">rvk</subfield>
   <subfield code="0">(DE-625)rvk/2534:</subfield>
  </datafield>
  <datafield tag="084" ind1=" " ind2=" ">
   <subfield code="a">LH 61100</subfield>
   <subfield code="q">BVB</subfield>
   <subfield code="2">rvk</subfield>
   <subfield code="0">(DE-625)rvk/94210:</subfield>
  </datafield>
  <datafield tag="084" ind1=" " ind2=" ">
   <subfield code="a">20.70</subfield>
   <subfield code="2">bkl</subfield>
  </datafield>
  <datafield tag="084" ind1=" " ind2=" ">
   <subfield code="a">20.05</subfield>
   <subfield code="2">bkl</subfield>
  </datafield>
  <datafield tag="245" ind1="1" ind2="4">
   <subfield code="a">Die Welt im Großen und im Kleinen</subfield>
   <subfield code="b">Kunst und Wissenschaft im Umkreis von Alexander von Humboldt und August Ludwig Most ; Festschrift zum 100. Geburtstag des Caspar-David-Friedrich-Instituts der Ernst-Moritz-Arndt-Universität Greifswald ; Protokollband der XI. und XII. Greifswalder Romantikkonferenz und des 1. Zürcher Symposium zur wissenschaftlichen Illustration</subfield>
   <subfield code="c">Gerd-Helge Vogel (Hrsg.)</subfield>
  </datafield>
  <datafield tag="250" ind1=" " ind2=" ">
   <subfield code="a">Erstausg., 1. Aufl.</subfield>
  </datafield>
  <datafield tag="264" ind1=" " ind2="1">
   <subfield code="a">Berlin</subfield>
   <subfield code="b">Lukas-Verl.</subfield>
   <subfield code="c">2009</subfield>
  </datafield>
  <datafield tag="300" ind1=" " ind2=" ">
   <subfield code="a">472 S.</subfield>
   <subfield code="b">zahlr. Ill.</subfield>
   <subfield code="c">235 mm x 158 mm</subfield>
  </datafield>
  <datafield tag="336" ind1=" " ind2=" ">
   <subfield code="a">Text</subfield>
   <subfield code="b">txt</subfield>
   <subfield code="2">rdacontent</subfield>
  </datafield>
  <datafield tag="337" ind1=" " ind2=" ">
   <subfield code="a">ohne Hilfsmittel zu benutzen</subfield>
   <subfield code="b">n</subfield>
   <subfield code="2">rdamedia</subfield>
  </datafield>
  <datafield tag="338" ind1=" " ind2=" ">
   <subfield code="a">Band</subfield>
   <subfield code="b">nc</subfield>
   <subfield code="2">rdacarrier</subfield>
  </datafield>
  <datafield tag="505" ind1="8" ind2="0">
   <subfield code="a">Literaturangaben</subfield>
  </datafield>
  <datafield tag="583" ind1="1" ind2=" ">
   <subfield code="a">Archivierung/Langzeitarchivierung gewährleistet</subfield>
   <subfield code="f">SSG</subfield>
   <subfield code="x">XA-DE-BW</subfield>
   <subfield code="2">pdager</subfield>
   <subfield code="5">DE-16</subfield>
  </datafield>
  <datafield tag="600" ind1="1" ind2="0">
   <subfield code="a">Most, August Ludwig</subfield>
   <subfield code="d">1807-1883</subfield>
   <subfield code="v">Congresses</subfield>
  </datafield>
  <datafield tag="600" ind1="1" ind2="0">
   <subfield code="a">Humboldt, Alexander von</subfield>
   <subfield code="d">1769-1859</subfield>
   <subfield code="v">Congresses</subfield>
  </datafield>
  <datafield tag="650" ind1=" " ind2="0">
   <subfield code="a">Romanticism in art</subfield>
   <subfield code="v">Congresses</subfield>
  </datafield>
  <datafield tag="650" ind1=" " ind2="0">
   <subfield code="a">Scientific illustration</subfield>
   <subfield code="z">Germany</subfield>
   <subfield code="x">History</subfield>
   <subfield code="v">Congresses</subfield>
  </datafield>
  <datafield tag="650" ind1=" " ind2="0">
   <subfield code="a">Art, German</subfield>
   <subfield code="y">19th century</subfield>
   <subfield code="v">Congresses</subfield>
  </datafield>
  <datafield tag="650" ind1=" " ind2="0">
   <subfield code="a">Germans</subfield>
   <subfield code="z">America</subfield>
   <subfield code="v">Congresses</subfield>
  </datafield>
  <datafield tag="650" ind1="0" ind2="7">
   <subfield code="0">(DE-588)4070334-4</subfield>
   <subfield code="0">(DE-627)104798858</subfield>
   <subfield code="0">(DE-576)20918020X</subfield>
   <subfield code="a">Deutsche</subfield>
   <subfield code="2">gnd</subfield>
  </datafield>
  <datafield tag="650" ind1="0" ind2="7">
   <subfield code="0">(DE-588)4050491-8</subfield>
   <subfield code="0">(DE-627)106181858</subfield>
   <subfield code="0">(DE-576)209087668</subfield>
   <subfield code="a">Romantik</subfield>
   <subfield code="2">gnd</subfield>
  </datafield>
  <datafield tag="650" ind1="0" ind2="7">
   <subfield code="0">(DE-588)4006499-2</subfield>
   <subfield code="0">(DE-627)104806451</subfield>
   <subfield code="0">(DE-576)208865845</subfield>
   <subfield code="a">Biedermeier</subfield>
   <subfield code="2">gnd</subfield>
  </datafield>
  <datafield tag="650" ind1="0" ind2="7">
   <subfield code="0">(DE-588)4033423-5</subfield>
   <subfield code="0">(DE-627)106257307</subfield>
   <subfield code="0">(DE-576)209001941</subfield>
   <subfield code="a">Künstler</subfield>
   <subfield code="2">gnd</subfield>
  </datafield>
  <datafield tag="650" ind1="0" ind2="7">
   <subfield code="0">(DE-588)4066567-7</subfield>
   <subfield code="0">(DE-627)104331712</subfield>
   <subfield code="0">(DE-576)209165146</subfield>
   <subfield code="a">Wissenschaftler</subfield>
   <subfield code="2">gnd</subfield>
  </datafield>
  <datafield tag="650" ind1="0" ind2="7">
   <subfield code="0">(DE-588)4211127-4</subfield>
   <subfield code="0">(DE-627)105090891</subfield>
   <subfield code="0">(DE-576)210201886</subfield>
   <subfield code="a">Umkreis</subfield>
   <subfield code="2">gnd</subfield>
  </datafield>
  <datafield tag="650" ind1="0" ind2="7">
   <subfield code="0">(DE-588)4014842-7</subfield>
   <subfield code="0">(DE-627)106338501</subfield>
   <subfield code="0">(DE-576)208909672</subfield>
   <subfield code="a">Entdeckungsreise</subfield>
   <subfield code="2">gnd</subfield>
  </datafield>
  <datafield tag="650" ind1="0" ind2="7">
   <subfield code="0">(DE-588)4066562-8</subfield>
   <subfield code="0">(DE-627)104393998</subfield>
   <subfield code="0">(DE-576)209165138</subfield>
   <subfield code="a">Wissenschaft</subfield>
   <subfield code="2">gnd</subfield>
  </datafield>
  <datafield tag="651" ind1=" " ind2="7">
   <subfield code="0">(DE-588)4001670-5</subfield>
   <subfield code="0">(DE-627)106396161</subfield>
   <subfield code="0">(DE-576)208843884</subfield>
   <subfield code="a">Amerika</subfield>
   <subfield code="2">gnd</subfield>
  </datafield>
  <datafield tag="651" ind1=" " ind2="7">
   <subfield code="0">(DE-588)4015701-5</subfield>
   <subfield code="0">(DE-627)104289007</subfield>
   <subfield code="0">(DE-576)208913092</subfield>
   <subfield code="a">Europa</subfield>
   <subfield code="2">gnd</subfield>
  </datafield>
  <datafield tag="655" ind1=" " ind2="7">
   <subfield code="a">Konferenzschrift</subfield>
   <subfield code="y">2007</subfield>
   <subfield code="z">Greifswald</subfield>
   <subfield code="0">(DE-588)1071861417</subfield>
   <subfield code="0">(DE-627)826484824</subfield>
   <subfield code="0">(DE-576)433375485</subfield>
   <subfield code="2">gnd-content</subfield>
  </datafield>
  <datafield tag="655" ind1=" " ind2="7">
   <subfield code="a">Konferenzschrift</subfield>
   <subfield code="y">2007</subfield>
   <subfield code="z">Zürich</subfield>
   <subfield code="0">(DE-588)1071861417</subfield>
   <subfield code="0">(DE-627)826484824</subfield>
   <subfield code="0">(DE-576)433375485</subfield>
   <subfield code="2">gnd-content</subfield>
  </datafield>
  <datafield tag="655" ind1=" " ind2="7">
   <subfield code="a">Festschrift</subfield>
   <subfield code="0">(DE-588)4016928-5</subfield>
   <subfield code="0">(DE-627)104400986</subfield>
   <subfield code="0">(DE-576)208917802</subfield>
   <subfield code="2">gnd-content</subfield>
  </datafield>
  <datafield tag="689" ind1="0" ind2="0">
   <subfield code="d">g</subfield>
   <subfield code="0">(DE-588)4001670-5</subfield>
   <subfield code="0">(DE-627)106396161</subfield>
   <subfield code="0">(DE-576)208843884</subfield>
   <subfield code="a">Amerika</subfield>
   <subfield code="2">gnd</subfield>
  </datafield>
  <datafield tag="689" ind1="0" ind2="1">
   <subfield code="d">s</subfield>
   <subfield code="0">(DE-588)4033423-5</subfield>
   <subfield code="0">(DE-627)106257307</subfield>
   <subfield code="0">(DE-576)209001941</subfield>
   <subfield code="a">Künstler</subfield>
   <subfield code="2">gnd</subfield>
  </datafield>
  <datafield tag="689" ind1="0" ind2="2">
   <subfield code="d">s</subfield>
   <subfield code="0">(DE-588)4070334-4</subfield>
   <subfield code="0">(DE-627)104798858</subfield>
   <subfield code="0">(DE-576)20918020X</subfield>
   <subfield code="a">Deutsche</subfield>
   <subfield code="2">gnd</subfield>
  </datafield>
  <datafield tag="689" ind1="0" ind2="3">
   <subfield code="a">z</subfield>
   <subfield code="2">gnd</subfield>
   <subfield code="a">Geschichte 1800-1850</subfield>
  </datafield>
  <datafield tag="689" ind1="0" ind2=" ">
   <subfield code="5">DE-101</subfield>
  </datafield>
  <datafield tag="689" ind1="1" ind2="0">
   <subfield code="d">s</subfield>
   <subfield code="0">(DE-588)4050491-8</subfield>
   <subfield code="0">(DE-627)106181858</subfield>
   <subfield code="0">(DE-576)209087668</subfield>
   <subfield code="a">Romantik</subfield>
   <subfield code="2">gnd</subfield>
  </datafield>
  <datafield tag="689" ind1="1" ind2="1">
   <subfield code="d">g</subfield>
   <subfield code="0">(DE-588)4001670-5</subfield>
   <subfield code="0">(DE-627)106396161</subfield>
   <subfield code="0">(DE-576)208843884</subfield>
   <subfield code="a">Amerika</subfield>
   <subfield code="2">gnd</subfield>
  </datafield>
  <datafield tag="689" ind1="1" ind2="2">
   <subfield code="d">s</subfield>
   <subfield code="0">(DE-588)4033423-5</subfield>
   <subfield code="0">(DE-627)106257307</subfield>
   <subfield code="0">(DE-576)209001941</subfield>
   <subfield code="a">Künstler</subfield>
   <subfield code="2">gnd</subfield>
  </datafield>
  <datafield tag="689" ind1="1" ind2="3">
   <subfield code="d">s</subfield>
   <subfield code="0">(DE-588)4070334-4</subfield>
   <subfield code="0">(DE-627)104798858</subfield>
   <subfield code="0">(DE-576)20918020X</subfield>
   <subfield code="a">Deutsche</subfield>
   <subfield code="2">gnd</subfield>
  </datafield>
  <datafield tag="689" ind1="1" ind2=" ">
   <subfield code="5">DE-101</subfield>
  </datafield>
  <datafield tag="689" ind1="2" ind2="0">
   <subfield code="d">g</subfield>
   <subfield code="0">(DE-588)4001670-5</subfield>
   <subfield code="0">(DE-627)106396161</subfield>
   <subfield code="0">(DE-576)208843884</subfield>
   <subfield code="a">Amerika</subfield>
   <subfield code="2">gnd</subfield>
  </datafield>
  <datafield tag="689" ind1="2" ind2="1">
   <subfield code="d">s</subfield>
   <subfield code="0">(DE-588)4066567-7</subfield>
   <subfield code="0">(DE-627)104331712</subfield>
   <subfield code="0">(DE-576)209165146</subfield>
   <subfield code="a">Wissenschaftler</subfield>
   <subfield code="2">gnd</subfield>
  </datafield>
  <datafield tag="689" ind1="2" ind2="2">
   <subfield code="d">s</subfield>
   <subfield code="0">(DE-588)4070334-4</subfield>
   <subfield code="0">(DE-627)104798858</subfield>
   <subfield code="0">(DE-576)20918020X</subfield>
   <subfield code="a">Deutsche</subfield>
   <subfield code="2">gnd</subfield>
  </datafield>
  <datafield tag="689" ind1="2" ind2="3">
   <subfield code="a">z</subfield>
   <subfield code="2">gnd</subfield>
   <subfield code="a">Geschichte 1800-1850</subfield>
  </datafield>
  <datafield tag="689" ind1="2" ind2=" ">
   <subfield code="5">DE-101</subfield>
  </datafield>
  <datafield tag="689" ind1="3" ind2="0">
   <subfield code="d">p</subfield>
   <subfield code="0">(DE-588)13342619X</subfield>
   <subfield code="0">(DE-627)54605031X</subfield>
   <subfield code="0">(DE-576)272692859</subfield>
   <subfield code="a">Most, Ludwig August</subfield>
   <subfield code="d">1807-1883</subfield>
   <subfield code="2">gnd</subfield>
  </datafield>
  <datafield tag="689" ind1="3" ind2="1">
   <subfield code="d">g</subfield>
   <subfield code="0">(DE-588)4015701-5</subfield>
   <subfield code="0">(DE-627)104289007</subfield>
   <subfield code="0">(DE-576)208913092</subfield>
   <subfield code="a">Europa</subfield>
   <subfield code="2">gnd</subfield>
  </datafield>
  <datafield tag="689" ind1="3" ind2=" ">
   <subfield code="5">DE-101</subfield>
  </datafield>
  <datafield tag="689" ind1="4" ind2="0">
   <subfield code="d">p</subfield>
   <subfield code="0">(DE-588)118554700</subfield>
   <subfield code="0">(DE-627)133447324</subfield>
   <subfield code="0">(DE-576)161518079</subfield>
   <subfield code="a">Humboldt, Alexander von</subfield>
   <subfield code="d">1769-1859</subfield>
   <subfield code="2">gnd</subfield>
  </datafield>
  <datafield tag="689" ind1="4" ind2="1">
   <subfield code="d">s</subfield>
   <subfield code="0">(DE-588)4211127-4</subfield>
   <subfield code="0">(DE-627)105090891</subfield>
   <subfield code="0">(DE-576)210201886</subfield>
   <subfield code="a">Umkreis</subfield>
   <subfield code="2">gnd</subfield>
  </datafield>
  <datafield tag="689" ind1="4" ind2="2">
   <subfield code="d">s</subfield>
   <subfield code="0">(DE-588)4123412-1</subfield>
   <subfield code="0">(DE-627)104516488</subfield>
   <subfield code="0">(DE-576)209559519</subfield>
   <subfield code="a">Illustration</subfield>
   <subfield code="2">gnd</subfield>
  </datafield>
  <datafield tag="689" ind1="4" ind2="3">
   <subfield code="a">g</subfield>
   <subfield code="2">gnd</subfield>
   <subfield code="a">Zürich &lt;2007&gt;</subfield>
  </datafield>
  <datafield tag="689" ind1="4" ind2=" ">
   <subfield code="5">DE-101</subfield>
  </datafield>
  <datafield tag="689" ind1="5" ind2="0">
   <subfield code="a">z</subfield>
   <subfield code="2">gnd</subfield>
   <subfield code="a">Geschichte 1800-1850</subfield>
  </datafield>
  <datafield tag="689" ind1="5" ind2=" ">
   <subfield code="5">(DE-627)</subfield>
  </datafield>
  <datafield tag="689" ind1="6" ind2="0">
   <subfield code="a">z</subfield>
   <subfield code="2">gnd</subfield>
   <subfield code="a">Geschichte 1815-1848</subfield>
  </datafield>
  <datafield tag="689" ind1="6" ind2=" ">
   <subfield code="5">(DE-627)</subfield>
  </datafield>
  <datafield tag="689" ind1="7" ind2="0">
   <subfield code="a">z</subfield>
   <subfield code="2">gnd</subfield>
   <subfield code="a">Geschichte 1906-2007</subfield>
  </datafield>
  <datafield tag="689" ind1="7" ind2=" ">
   <subfield code="5">(DE-627)</subfield>
  </datafield>
  <datafield tag="700" ind1="1" ind2=" ">
   <subfield code="a">Vogel, Gerd-Helge</subfield>
   <subfield code="d">1951-</subfield>
   <subfield code="e">Hrsg.</subfield>
   <subfield code="0">(DE-588)110630084</subfield>
   <subfield code="0">(DE-627)522671551</subfield>
   <subfield code="0">(DE-576)170850730</subfield>
   <subfield code="4">edt</subfield>
  </datafield>
  <datafield tag="710" ind1="2" ind2=" ">
   <subfield code="a">Caspar-David-Friedrich-Institut für Kunstwissenschaften</subfield>
   <subfield code="0">(DE-588)2123329-9</subfield>
   <subfield code="0">(DE-627)101755929</subfield>
   <subfield code="0">(DE-576)194145190</subfield>
   <subfield code="4">oth</subfield>
  </datafield>
  <datafield tag="711" ind1="2" ind2=" ">
   <subfield code="a">Greifswalder Romantikkonferenz</subfield>
   <subfield code="n">11.</subfield>
   <subfield code="d">2007</subfield>
   <subfield code="c">Greifswald</subfield>
   <subfield code="0">(DE-588)16022534-6</subfield>
   <subfield code="0">(DE-627)712734988</subfield>
   <subfield code="0">(DE-576)310109612</subfield>
   <subfield code="4">oth</subfield>
  </datafield>
  <datafield tag="711" ind1="2" ind2=" ">
   <subfield code="a">Greifswalder Romantikkonferenz</subfield>
   <subfield code="n">12</subfield>
   <subfield code="d">2007</subfield>
   <subfield code="c">Greifswald</subfield>
   <subfield code="0">(DE-588)16022533-4</subfield>
   <subfield code="0">(DE-627)712734961</subfield>
   <subfield code="0">(DE-576)31011019X</subfield>
   <subfield code="4">oth</subfield>
  </datafield>
  <datafield tag="787" ind1="0" ind2="8">
   <subfield code="i">Rezension</subfield>
   <subfield code="a">Zeeb, Reiner</subfield>
   <subfield code="t">[Rezension von: Kunst und Wissenschaft im Umkreis von Alexander von Humboldt]</subfield>
   <subfield code="d">2010</subfield>
   <subfield code="w">(DE-627)1543754279</subfield>
   <subfield code="w">(DE-576)473754274</subfield>
  </datafield>
  <datafield tag="856" ind1="4" ind2="2">
   <subfield code="u">http://deposit.dnb.de/cgi-bin/dokserv?id=3113306&amp;prov=M&amp;dok_var=1&amp;dok_ext=htm</subfield>
   <subfield code="m">X: MVB</subfield>
   <subfield code="q">text/html</subfield>
   <subfield code="v">20130501</subfield>
   <subfield code="x">Verlag</subfield>
   <subfield code="3">Inhaltstext</subfield>
  </datafield>
  <datafield tag="856" ind1="4" ind2="2">
   <subfield code="u">https://swbplus.bsz-bw.de/bsz303817593inh.htm</subfield>
   <subfield code="m">B:DE-576;DE-14</subfield>
   <subfield code="q">application/pdf</subfield>
   <subfield code="v">20100315160844</subfield>
   <subfield code="x">Verlag</subfield>
   <subfield code="3">Inhaltsverzeichnis</subfield>
  </datafield>
  <datafield tag="935" ind1=" " ind2=" ">
   <subfield code="a">SAXB</subfield>
  </datafield>
  <datafield tag="935" ind1=" " ind2=" ">
   <subfield code="i">Blocktest</subfield>
  </datafield>
  <datafield tag="936" ind1="r" ind2="v">
   <subfield code="a">LO 92000</subfield>
   <subfield code="b">Gesamtdarstellungen, Darstellungen einzelner Epochen, Kunsttopografie</subfield>
   <subfield code="k">Kunstgeschichte</subfield>
   <subfield code="k">Kunst nach Ländern bzw. Kontinenten</subfield>
   <subfield code="k">Amerika</subfield>
   <subfield code="k">Kunstgeschichte Kanadas</subfield>
   <subfield code="k">Gesamtdarstellungen, Darstellungen einzelner Epochen, Kunsttopografie</subfield>
   <subfield code="0">(DE-627)1270717758</subfield>
   <subfield code="0">(DE-625)rvk/105679:</subfield>
   <subfield code="0">(DE-576)200717758</subfield>
  </datafield>
  <datafield tag="936" ind1="r" ind2="v">
   <subfield code="a">LO 94000</subfield>
   <subfield code="b">Gesamtdarstellungen; Abbildungswerke; Kunstsoziologie</subfield>
   <subfield code="k">Kunstgeschichte</subfield>
   <subfield code="k">Kunst nach Ländern bzw. Kontinenten</subfield>
   <subfield code="k">Amerika</subfield>
   <subfield code="k">Kunstgeschichte der USA</subfield>
   <subfield code="k">Gesamtdarstellungen; Abbildungswerke; Kunstsoziologie</subfield>
   <subfield code="0">(DE-627)1270707337</subfield>
   <subfield code="0">(DE-625)rvk/105695:</subfield>
   <subfield code="0">(DE-576)200707337</subfield>
  </datafield>
  <datafield tag="936" ind1="r" ind2="v">
   <subfield code="a">LO 96740</subfield>
   <subfield code="b">Gesamtdarstellungen, Darstellungen einzelner Epochen</subfield>
   <subfield code="k">Kunstgeschichte</subfield>
   <subfield code="k">Kunst nach Ländern bzw. Kontinenten</subfield>
   <subfield code="k">Amerika</subfield>
   <subfield code="k">Kunstgeschichte Lateinamerikas</subfield>
   <subfield code="k">Gesamtdarstellungen, Darstellungen einzelner Epochen</subfield>
   <subfield code="0">(DE-627)1270651331</subfield>
   <subfield code="0">(DE-625)rvk/105763:</subfield>
   <subfield code="0">(DE-576)200651331</subfield>
  </datafield>
  <datafield tag="936" ind1="r" ind2="v">
   <subfield code="a">LK 10300</subfield>
   <subfield code="b">Klassizismus (sowie 18. und 19. Jahrhundert)</subfield>
   <subfield code="k">Kunstgeschichte</subfield>
   <subfield code="k">Kunst nach Ländern bzw. Kontinenten</subfield>
   <subfield code="k">Deutschland</subfield>
   <subfield code="k">Deutsche Kunstgeschichte einzelner Epochen</subfield>
   <subfield code="k">Deutsche Kunstgeschichte der Neuzeit</subfield>
   <subfield code="k">Klassizismus (sowie 18. und 19. Jahrhundert)</subfield>
   <subfield code="0">(DE-627)1271167115</subfield>
   <subfield code="0">(DE-625)rvk/97496:</subfield>
   <subfield code="0">(DE-576)201167115</subfield>
  </datafield>
  <datafield tag="936" ind1="r" ind2="v">
   <subfield code="a">LK 10342</subfield>
   <subfield code="b">romantisch-idealistisch</subfield>
   <subfield code="k">Kunstgeschichte</subfield>
   <subfield code="k">Kunst nach Ländern bzw. Kontinenten</subfield>
   <subfield code="k">Deutschland</subfield>
   <subfield code="k">Deutsche Kunstgeschichte einzelner Epochen</subfield>
   <subfield code="k">Deutsche Kunstgeschichte der Neuzeit</subfield>
   <subfield code="k">19., 20.  und 21. Jahrhundert</subfield>
   <subfield code="k">19. Jahrhundert</subfield>
   <subfield code="k">romantisch-idealistisch</subfield>
   <subfield code="0">(DE-627)127215114X</subfield>
   <subfield code="0">(DE-625)rvk/97499:12028</subfield>
   <subfield code="0">(DE-576)20215114X</subfield>
  </datafield>
  <datafield tag="936" ind1="r" ind2="v">
   <subfield code="a">NU 5089</subfield>
   <subfield code="b">Humboldt, Alexander von</subfield>
   <subfield code="k">Geschichte</subfield>
   <subfield code="k">Geschichte der Wissenschaften und des Unterrichtswesens</subfield>
   <subfield code="k">Geschichte der Wissenschaften</subfield>
   <subfield code="k">Gelehrte</subfield>
   <subfield code="k">Deutsche Gelehrte und Forscher</subfield>
   <subfield code="k">Humboldt, Alexander von</subfield>
   <subfield code="0">(DE-627)127156050X</subfield>
   <subfield code="0">(DE-625)rvk/131472:</subfield>
   <subfield code="0">(DE-576)20156050X</subfield>
  </datafield>
  <datafield tag="936" ind1="r" ind2="v">
   <subfield code="a">AK 16700</subfield>
   <subfield code="b">19./20. Jahrhundert</subfield>
   <subfield code="k">Allgemeines</subfield>
   <subfield code="k">Wissenschaftskunde und Wissenschaftsorganisation</subfield>
   <subfield code="k">Biografien, Geschichte</subfield>
   <subfield code="k">Geschichte verschiedener Zeiträume</subfield>
   <subfield code="k">Neuere Zeit</subfield>
   <subfield code="k">19./20. Jahrhundert</subfield>
   <subfield code="0">(DE-627)1270656619</subfield>
   <subfield code="0">(DE-625)rvk/2534:</subfield>
   <subfield code="0">(DE-576)200656619</subfield>
  </datafield>
  <datafield tag="936" ind1="r" ind2="v">
   <subfield code="a">LH 61100</subfield>
   <subfield code="b">Beziehungen der Kunst zu anderen Gebieten (z.B. Kunst und Religion, Kunst und Moral)</subfield>
   <subfield code="k">Kunstgeschichte</subfield>
   <subfield code="k">Allgemeines. Allgemeine Kunstgeschichte</subfield>
   <subfield code="k">Theorie und Praxis der Bildenden Kunst</subfield>
   <subfield code="k">Theorie der Bildenden Kunst</subfield>
   <subfield code="k">Beziehungen der Kunst zu anderen Gebieten (z.B. Kunst und Religion, Kunst und Moral)</subfield>
   <subfield code="0">(DE-627)1270641689</subfield>
   <subfield code="0">(DE-625)rvk/94210:</subfield>
   <subfield code="0">(DE-576)200641689</subfield>
  </datafield>
  <datafield tag="936" ind1="b" ind2="k">
   <subfield code="a">20.70</subfield>
   <subfield code="j">Europäische Kunst: Allgemeines</subfield>
   <subfield code="0">(DE-627)106406566</subfield>
  </datafield>
  <datafield tag="936" ind1="b" ind2="k">
   <subfield code="a">20.05</subfield>
   <subfield code="j">Kunst in Beziehung zu anderen Wissenschaftsgebieten</subfield>
   <subfield code="0">(DE-627)106415824</subfield>
  </datafield>
  <datafield tag="951" ind1=" " ind2=" ">
   <subfield code="a">BO</subfield>
  </datafield>
  <datafield tag="990" ind1=" " ind2=" ">
   <subfield code="a">Amerika</subfield>
  </datafield>
  <datafield tag="990" ind1=" " ind2=" ">
   <subfield code="a">Künstler</subfield>
  </datafield>
  <datafield tag="990" ind1=" " ind2=" ">
   <subfield code="a">Deutsche</subfield>
  </datafield>
  <datafield tag="990" ind1=" " ind2=" ">
   <subfield code="a">Geschichte 1800-1850</subfield>
  </datafield>
  <datafield tag="990" ind1=" " ind2=" ">
   <subfield code="a">Romantik</subfield>
  </datafield>
  <datafield tag="990" ind1=" " ind2=" ">
   <subfield code="a">Amerika</subfield>
  </datafield>
  <datafield tag="990" ind1=" " ind2=" ">
   <subfield code="a">Künstler</subfield>
  </datafield>
  <datafield tag="990" ind1=" " ind2=" ">
   <subfield code="a">Deutsche</subfield>
  </datafield>
  <datafield tag="990" ind1=" " ind2=" ">
   <subfield code="a">Amerika</subfield>
  </datafield>
  <datafield tag="990" ind1=" " ind2=" ">
   <subfield code="a">Wissenschaftler</subfield>
  </datafield>
  <datafield tag="990" ind1=" " ind2=" ">
   <subfield code="a">Deutsche</subfield>
  </datafield>
  <datafield tag="990" ind1=" " ind2=" ">
   <subfield code="a">Geschichte 1800-1850</subfield>
  </datafield>
  <datafield tag="990" ind1=" " ind2=" ">
   <subfield code="a">Most, Ludwig August</subfield>
  </datafield>
  <datafield tag="990" ind1=" " ind2=" ">
   <subfield code="a">Europa</subfield>
  </datafield>
  <datafield tag="990" ind1=" " ind2=" ">
   <subfield code="a">Humboldt, Alexander von</subfield>
  </datafield>
  <datafield tag="990" ind1=" " ind2=" ">
   <subfield code="a">Umkreis</subfield>
  </datafield>
  <datafield tag="990" ind1=" " ind2=" ">
   <subfield code="a">Illustration</subfield>
  </datafield>
  <datafield tag="990" ind1=" " ind2=" ">
   <subfield code="a">Zürich &lt;2007&gt;</subfield>
  </datafield>
  <datafield tag="990" ind1=" " ind2=" ">
   <subfield code="a">Geschichte 1800-1850</subfield>
  </datafield>
  <datafield tag="990" ind1=" " ind2=" ">
   <subfield code="a">Geschichte 1815-1848</subfield>
  </datafield>
  <datafield tag="990" ind1=" " ind2=" ">
   <subfield code="a">Geschichte 1906-2007</subfield>
  </datafield>
  <datafield tag="991" ind1=" " ind2=" ">
   <subfield code="a">Rezensiertes Werk</subfield>
  </datafield>
  <datafield tag="999" ind1=" " ind2=" ">
   <subfield code="a">KXP-PPN568501993</subfield>
   <subfield code="e">4158473292</subfield>
  </datafield>
 </record>
</collection>
